| 000 | 00554nam a22001817a 4500 | ||
|---|---|---|---|
| 005 | 20131004171856.0 | ||
| 010 | _aENG-108586 | ||
| 020 | 9 |
_a9788125045533 _c596.00 |
|
| 035 | _aEN-92119 | ||
| 037 | _bDBAD/PUB | ||
| 100 | _aVanita, Ruth | ||
| 245 |
_aGender, sex and the city : _cby Ruth Vanita _bUrdu rekhti poetry, 1780-1870 / |
||
| 260 |
_bOrient BlackSwan _c2012 _aNew Delhi |
||
| 270 |
_a1/24 Asaf Ali Road _bNew Delhi _e110002 |
||
| 300 |
_axvii,322p. _c24cm(Hb) |
||
| 500 | _aIncludes bibliographical refernces and index | ||
| 942 |
_2ddc _cEN _mVAN |
||
| 999 |
_c79832 _d79832 |
||